Normal view
MARC view
- Inbyggda system
Entry Topical Term
001 - CONTROL NUMBER
- control field: 94171
003 - CONTROL NUMBER IDENTIFIER
- control field: NUST
005 - DATE AND TIME OF LATEST TRANSACTION
- control field: 20220720172218.0
008 - FIXED-LENGTH DATA ELEMENTS
- fixed length control field: 220720|| aca||aabn | a|a d
040 ## - CATALOGING SOURCE
- Original cataloging agency: NUST
- Transcribing agency: NUST
150 ## - HEADING--TOPICAL TERM
- Topical term or geographic name entry element: Inbyggda system
670 ## - SOURCE DATA FOUND
- Source citation: Work cat.: (NUST)198626: Wolf, Marilyn 94170, Computers as components : principles of embedded computing system design /, cop. 2012
